000
00284nam a22001337a 4500
008
170911b xxu||||| |||| 00| 0 eng d
020
_a
9780131816572
041
_a
eng
080
_a
91
100
_a
91
101
_a
GJEO
245
_a
WORLD STUDIES
_c
JACOBS,H.H
942
_2
udc
_c
BK
999
_c
26962
_d
26962